000 00365nam a2200145 i 4500
001 bg
100 1 _aOBALSKI, Jan.
245 1 0 _aZasady Międzynarodowego Układu Jednostek Miar /
_cJan Obalski.
250 _aWyd.4 rozsz. i uaktual.
260 _aWarszawa,
_c1981.
040 _cBPK
041 _apol
942 _cKS
008 s pl f |000 0 pol
999 _c20767
_d20767
856 _uhttp://koha.tu.koszalin.pl/cgi-bin/koha/opac-detail.pl?biblionumber=20767
_yKatalog online BPK